MARC details
| 000 -CABECERA |
| campo de control de longitud fija |
01453nam a2200325 i 4500 |
| 001 - NÚMERO DE CONTROL |
| campo de control |
000017850 |
| 003 - IDENTIFICADOR DEL NÚMERO DE CONTROL |
| campo de control |
DO-SdBNP |
| 005 - FECHA Y HORA DE LA ÚLTIMA TRANSACCIÓN |
| campo de control |
20250626145628.0 |
| 007 - CAMPO FIJO DE DESCRIPCIÓN FÍSICA--INFORMACIÓN GENERAL |
| campo de control de longitud fija |
ta |
| 008 - DATOS DE LONGITUD FIJA--INFORMACIÓN GENERAL |
| campo de control de longitud fija |
100406t2002 dr ac 001 0dspa d |
| 020 ## - NÚMERO INTERNACIONAL ESTÁNDAR DEL LIBRO |
| Número Internacional Estándar del Libro |
9993486418 |
| 040 ## - FUENTE DE LA CATALOGACIÓN |
| Centro catalogador/agencia de origen |
DO-SdBNP |
| Lengua de catalogación |
spa |
| Centro/agencia transcriptor |
BNPHU |
| Normas de descripción |
rda |
| 082 #4 - NÚMERO DE LA CLASIFICACIÓN DECIMAL DEWEY |
| Número de clasificación |
972.93053 |
| Número de documento/Ítem |
I43t |
| Número de edición |
22 |
| 100 1# - ENTRADA PRINCIPAL--NOMBRE DE PERSONA |
| Nombre de persona |
Infante, Fernando, |
| Fechas asociadas al nombre |
1935- |
| Término indicativo de función/relación |
autor |
| Código de función/relación |
aut. |
| 9 (RLIN) |
38755 |
| 245 10 - MENCIÓN DE TÍTULO |
| Título |
Trujillo : |
| Resto del título |
aproximación al hombre y a su tiempo / |
| Mención de responsabilidad, etc. |
Fernando Infante ; prólogo, R. A. Font-Bernard |
| 264 #4 - PRODUCCIÓN, PUBLICACIÓN, DISTRIBUCIÓN, FABRICACIÓN Y COPYRIGHT |
| Producción, publicación, distribución, fabricación y copyright |
Santo Domingo : |
| Nombre del de productor, editor, distribuidor, fabricante |
Editorial Letra Gráfica, |
| Fecha de producción, publicación, distribución, fabricación o copyright |
©2002. |
| 300 ## - DESCRIPCIÓN FÍSICA |
| Extensión |
200 páginas : |
| Otras características físicas |
ilustraciones, retratos ; |
| Dimensiones |
23 cm. |
| 336 ## - TIPO DE CONTENIDO |
| Término de tipo de contenido |
texto |
| Código de tipo de contenido |
txt |
| Fuente |
rdacontent |
| 337 ## - TIPO DE MEDIO |
| Nombre/término del tipo de medio |
sin mediación |
| Código del tipo de medio |
n |
| Fuente |
rdamedia |
| 338 ## - TIPO DE SOPORTE |
| Nombre/término del tipo de soporte |
volumen |
| Código del tipo de soporte |
nc |
| Fuente |
rdacarrier |
| 500 ## - NOTA GENERAL |
| Nota general |
Incluye datos biográficos del autor en la solapa de la cubierta. |
| 504 ## - NOTA DE BIBLIOGRAFÍA, ETC. |
| Nota de bibliografía, etc. |
Bibliografía : páginas 185-189 |
| 505 0# - NOTA DE CONTENIDO CON FORMATO |
| Nota de contenido con formato |
Prólogo / |
| Mención de responsabilidad |
R. A. Font-Bernard-- |
| Título |
Los años de formación 1891-1930 -- |
| -- |
El inicio de la dictadura. 1930-1940-- |
| -- |
Los años de esplendor. 1941-1951-- |
| -- |
Éxtasis y agonía. 1950-1955-- |
| -- |
La caída. 1955-1961-- |
| -- |
Colofón-- |
| -- |
Bibliografía -- |
| -- |
Índice onomástico. |
| 590 ## - NOTA LOCAL (RLIN) |
| Nota local |
Inventariado, 2024/BT |
| 600 10 - PUNTO DE ACCESO ADICIONAL DE MATERIA--NOMBRE DE PERSONA |
| Nombre de persona |
Trujillo Molina, Rafael Leónidas, |
| Fechas asociadas al nombre |
1891-1961 |
| 9 (RLIN) |
76764 |
| 650 #4 - PUNTO DE ACCESO ADICIONAL DE MATERIA--TÉRMINO DE MATERIA |
| Término de materia o nombre geográfico como elemento de entrada |
República Dominicana |
| Subdivisión general |
Historia |
| Subdivisión cronológica |
1930-1961 |
| 9 (RLIN) |
88197 |
| 700 1# - PUNTO DE ACCESO ADICIONAL--NOMBRE DE PERSONA |
| Nombre de persona |
Font-Bernard, R. A., |
| Término indicativo de función/relación |
prologuista |
| Código de función/relación |
pr. |
| 9 (RLIN) |
17078 |
| 910 ## - DATOS DE OPCIÓN DEL USUARIO (OCLC) |
| Datos de opción del usuario |
Validado. Control de calidad EMS. |
| 942 ## - ELEMENTOS DE PUNTO DE ACCESO ADICIONAL (KOHA) |
| Fuente del sistema de clasificación o colocación |
Dewey Decimal Classification |
| Tipo de ítem Koha |
Libro |